| 000 | 00675nam a2200217 a 4500 | ||
|---|---|---|---|
| 005 | 20240910063924.0 | ||
| 008 | 081201s2003 mx r 000 0 spa d | ||
| 020 | _a968166423X | ||
| 035 | _aUPN01000168288 | ||
| 049 | _aI | ||
| 050 | 4 |
_aPZ36.3 _bH4.3 |
|
| 100 | 1 |
_aHeine, Helme, _d1941- _934071 |
|
| 245 | 1 | 0 |
_aCuentas de elefante / _cTexto e il. de Helme Heine ; tr. de Alberto Cue. |
| 260 |
_aMéxico : _bFCE. _cc2003. |
||
| 300 |
_a[31] p. : _bil. |
||
| 440 | 0 |
_aA la orilla del viento ; _v151 |
|
| 534 |
_pTítulo original: _tElefanteneinmaleins |
||
| 650 | 4 |
_aCuentos infantiles alemanes _98589 |
|
| 650 | 4 |
_aElefantes _vCuentos y leyendas _99255 |
|
| 905 | _aInfantil | ||
| 999 |
_c140395 _d140395 |
||